|
|
|
|
| LEADER |
00000cam a2200000 a 4500 |
| 001 |
vtls008582071 |
| 003 |
SK-MaSNL |
| 005 |
20260301123842.0 |
| 008 |
020923s1994 be oa grc f000 0 fre |
| 015 |
|
|
|a SNBZSA2012-00750
|
| 035 |
|
|
|a SAVUKc174061
|
| 040 |
|
|
|a SNK
|b slo
|c SNK
|e AACR2
|
| 041 |
1 |
|
|a fre
|a mul
|
| 043 |
|
|
|a e------
|
| 044 |
|
|
|a be
|c BE
|
| 072 |
|
7 |
|a 72
|x Architektúra
|2 konspekt
|
| 080 |
|
|
|a 904:725(4)
|2 2001
|
| 080 |
|
|
|a 725.82(4)
|2 2001
|
| 110 |
2 |
|
|a Európska komisia
|4 aut
|9 32145
|
| 245 |
1 |
0 |
|a Sauvegarde du patrimoine architectural européen
|b batiments et sites historiques de spectacles
|
| 246 |
3 |
|
|a Batiments et sites historiques de spectacles
|
| 260 |
|
|
|a Bruxelles
|b Commission européenne Direction générale X
|c 1994
|
| 300 |
|
|
|a 151 s.
|b ilustr. (prevažne fareb.)
|c 21 x 30 cm
|
| 546 |
|
|
|a Súbež. text angl., dán., franc., gréc., hol., nem., portug., špan., tal.
|
| 650 |
0 |
7 |
|a historické budovy
|2 SNKPH
|9 31778
|
| 650 |
0 |
7 |
|a divadlá
|2 SNKPH
|9 29113
|
| 650 |
0 |
7 |
|a historické pamiatky
|2 SNKPH
|9 75346
|
| 650 |
0 |
7 |
|a kultúrne dedičstvo
|2 SNKPH
|9 4195
|
| 650 |
0 |
7 |
|a architektúra
|2 SNKPH
|9 722
|
| 651 |
|
7 |
|a Európa
|2 SNKPHgeo
|9 167569
|
| 655 |
|
7 |
|a prehľady
|2 SNKPH
|9 70194
|
| 958 |
|
|
|a ZS
|
| 999 |
|
|
|c 737621
|d 739551
|
| 952 |
|
|
|a SNK
|b SNK
|y PREZ
|7 0
|p 17A0631842
|o snkOSC 25723
|i snk2011/18564
|8 1
|0 0
|1 0
|4 0
|d 2011-09-08
|l 0
|r 2026-02-23 22:49:12
|w 2026-02-23
|